Fire research 1961 (Record no. 411479)

000 -LEADER
fixed length control field 00427cam a22001217a 4500
008 - FIXED-LENGTH DATA ELEMENTS--GENERAL INFORMATION
fixed length control field 180718b1962 xxu||||| |||| 00| 0 eng d
082 ## - DEWEY DECIMAL CLASSIFICATION NUMBER
Classification number N5084x42
245 ## - TITLE STATEMENT
Title Fire research 1961
Statement of responsibility, etc. by Department of Scientific and Industrial Research
260 ## - PUBLICATION, DISTRIBUTION, ETC.
Place of publication, distribution, etc. London
Name of publisher, distributor, etc. Her Majesty's Stationery Office
Date of publication, distribution, etc. 1962
300 ## - PHYSICAL DESCRIPTION
Extent 89p.
500 ## - GENERAL NOTE
General note Library has 1956, 1960 and 1961.
700 ## - ADDED ENTRY--PERSONAL NAME
Personal name London. Department of Scientific and Industrial Research
Holdings
Withdrawn status Lost status Damaged status Not for loan Permanent Location Current Location Date acquired Full call number Barcode Date last seen Price effective from Koha item type
        Indian Institute of Public Administration Indian Institute of Public Administration 2009-01-29 N5084x42 28159 2018-07-21 2018-07-21 Book
        Indian Institute of Public Administration Indian Institute of Public Administration 2009-01-29 N5084x42 8606 2018-07-21 2018-07-21 Book

Powered by Koha